Droit de l'art / (Record no. 64605)
[ view plain ]
| 000 -LEADER | |
|---|---|
| campo de control de longitud fija | 00813cam a2200289 4500 |
| 001 - NÚMERO DE CONTROL | |
| campo de control | 122811 |
| 005 - FECHA Y HORA DE LA ÚLTIMA TRANSACCIÓN | |
| campo de control | 20230410123609.0 |
| 008 - DATOS DE LONGITUD FIJA--INFORMACIÓN GENERAL | |
| campo de control de longitud fija | 060711s2006 fr 000 0 fre u |
| 020 ## - NÚMERO INTERNACIONAL ESTÁNDAR DEL LIBRO | |
| Número Internacional Estándar del Libro | 9782729827540 |
| 020 ## - NÚMERO INTERNACIONAL ESTÁNDAR DEL LIBRO | |
| Número Internacional Estándar del Libro | 2729827544 |
| 035 ## - NÚMERO DE CONTROL DEL SISTEMA | |
| Número de control de sistema | (CaOOAMICUS)000037657001 |
| 040 ## - FUENTE DE CATALOGACIÓN | |
| Centro catalogador/agencia de origen | CaOOU |
| Lengua de catalogación | fre |
| Centro/agencia transcriptor | CaQQLA |
| Centro/agencia modificador | OOU |
| 050 14 - SIGNATURA TOPOGRÁFICA DE LA BIBLIOTECA DEL CONGRESO | |
| Número de clasificación | KJV 5479 |
| Número de ítem | F399d 2006 |
| 100 1# - ENTRADA PRINCIPAL--NOMBRE DE PERSONA | |
| Nombre de persona | Ferry-Maccario, Nicole. |
| 245 10 - MENCIÓN DEL TÍTULO | |
| Título | Droit de l'art / |
| Mención de responsabilidad, etc. | Nicole Ferry-Maccario, Olivier Silhol. |
| 260 ## - PUBLICACIÓN, DISTRIBUCIÓN, ETC. | |
| Lugar de publicación, distribución, etc. | Paris : |
| Nombre del editor, distribuidor, etc. | Ellipses, |
| Fecha de publicación, distribución, etc. | 2006 |
| 300 ## - DESCRIPCIÓN FÍSICA | |
| Extensión | 156 p. ; |
| Dimensiones | 19 cm. |
| 490 0# - MENCIÓN DE SERIE | |
| Mención de serie | Mise au point |
| 504 ## - NOTA DE BIBLIOGRAFÍA, ETC. | |
| Nota de bibliografía, etc. | Bibliogr.: p. 147 |
| 650 #0 - PUNTO DE ACCESO ADICIONAL DE MATERIA--TÉRMINO DE MATERIA | |
| Término de materia o nombre geográfico como elemento de entrada | Law and art |
| Subdivisión geográfica | France. |
| 650 #4 - PUNTO DE ACCESO ADICIONAL DE MATERIA--TÉRMINO DE MATERIA | |
| Término de materia o nombre geográfico como elemento de entrada | Arte |
| Subdivisión general | Legislación |
| Subdivisión geográfica | Francia. |
| 650 #4 - PUNTO DE ACCESO ADICIONAL DE MATERIA--TÉRMINO DE MATERIA | |
| Término de materia o nombre geográfico como elemento de entrada | Derecho y arte |
| Subdivisión geográfica | Francia. |
| 650 #6 - PUNTO DE ACCESO ADICIONAL DE MATERIA--TÉRMINO DE MATERIA | |
| Término de materia o nombre geográfico como elemento de entrada | Droit et art. |
| 700 1# - ENTRADA AGREGADA--NOMBRE PERSONAL | |
| Nombre de persona | Silhol, Olivier. |
| 942 ## - ELEMENTOS DE ENTRADA SECUNDARIOS (KOHA) | |
| Fuente del sistema de clasificación o colocación | Clasificación de Library of Congress |
| Tipo de ítem Koha | |
| 946 ## - PROCESAMIENTO DE INFORMACIÓN LOCAL (OCLC) | |
| a | JaaM |
| Estatus retirado | Estado de pérdida | Fuente del sistema de clasificación o colocación | Estado de daño | No para préstamo | Colección | Biblioteca de origen | Biblioteca actual | Ubicación en estantería | Fecha de adquisición | Serial enumeration / chronology | Signatura topográfica completa | Código de barras | Visto por última vez | Copia número | Tipo de ítem Koha |
|---|---|---|---|---|---|---|---|---|---|---|---|---|---|---|---|
| Clasificación de Library of Congress | Ciencias Sociales | Biblioteca Juan Bosch | Biblioteca Juan Bosch | Ciencias Sociales (3er. Piso) | 10/04/2023 | 1 | KJV 5479 F399d 2006 | 00000116192 | 24/10/2018 | 1 |
